MAASAI MARA UNIVERSITY

LIBRARY CATALOGUE

Contact Us: +254 020 2685356/7 or 0774 057787

Box: 861-20500, NAROK, KENYA

Email: info@mmarau.ac.ke

Forest management and economics : (Record no. 18945)

MARC details
000 -LEADER
fixed length control field 01013pam a2200289 a 4500
001 - CONTROL NUMBER
control field 989363
003 - CONTROL NUMBER IDENTIFIER
control field OSt
005 - DATE AND TIME OF LATEST TRANSACTION
control field 20210216145706.0
008 - FIXED-LENGTH DATA ELEMENTS--GENERAL INFORMATION
fixed length control field 860808s1987 nyua b 001 0 eng
010 ## - LIBRARY OF CONGRESS CONTROL NUMBER
LC control number 86021665
020 ## - INTERNATIONAL STANDARD BOOK NUMBER
International Standard Book Number 0029487404 :
Terms of availability $39.95 (est.)
040 ## - CATALOGING SOURCE
Original cataloging agency MMU
Transcribing agency MMU
Modifying agency MMU
Language of cataloging eng
050 00 - LIBRARY OF CONGRESS CALL NUMBER
Classification number SD 387.M33
Item number B86 1987
082 00 - DEWEY DECIMAL CLASSIFICATION NUMBER
Classification number 634.9/28
Edition number 19
100 1# - MAIN ENTRY--PERSONAL NAME
Personal name Buongiorno, Joseph.
245 10 - TITLE STATEMENT
Title Forest management and economics :
Remainder of title a primer in quantitative methods /
Statement of responsibility, etc. Joseph Buongiorno, J. Keith Gilless.
260 ## - PUBLICATION, DISTRIBUTION, ETC. (IMPRINT)
Place of publication, distribution, etc. New York :
Name of publisher, distributor, etc. Macmillan ;
Place of publication, distribution, etc. London :
Name of publisher, distributor, etc. Collier Macmillan,
Date of publication, distribution, etc. c1987.
300 ## - PHYSICAL DESCRIPTION
Extent xv, 285 p. :
Other physical details ill. ;
Dimensions 25 cm.
440 #0 - SERIES STATEMENT/ADDED ENTRY--TITLE
Title Biological resource management
504 ## - BIBLIOGRAPHY, ETC. NOTE
Bibliography, etc Includes bibliographies and index.
650 #0 - SUBJECT ADDED ENTRY--TOPICAL TERM
Topical term or geographic name as entry element Forest management
General subdivision Mathematical models.
650 #0 - SUBJECT ADDED ENTRY--TOPICAL TERM
Topical term or geographic name as entry element Forest management
General subdivision Linear programming.
650 #0 - SUBJECT ADDED ENTRY--TOPICAL TERM
Topical term or geographic name as entry element Forest management
General subdivision Data processing.
700 1# - ADDED ENTRY--PERSONAL NAME
Personal name Gilless, J. Keith.
906 ## - LOCAL DATA ELEMENT F, LDF (RLIN)
a 7
b cbc
c orignew
d 1
e ocip
f 19
g y-gencatlg
942 ## - ADDED ENTRY ELEMENTS (KOHA)
Source of classification or shelving scheme Library of Congress Classification
Koha item type L
Holdings
Withdrawn status Lost status Source of classification or shelving scheme Damaged status Not for loan Home library Current library Date acquired Source of acquisition Total Checkouts Full call number Barcode Date last seen Date last checked out Price effective from Koha item type
    Library of Congress Classification     Maasai Mara University Library -Main Campus Maasai Mara University Library -Main Campus 09/06/2016 Donation 2 SD387 .M33B86 1987 20102712 03/27/2017 03/20/2017 09/06/2016 L
© 2016 Maasai Mara University.